000 005520000a22001210004500
773 0 _tRevista Tecnológico de Antioquia
100 1 _aAsprilla Mosquera, Elimeleth
245 1 0 _aUn Caso Exitoso de Liderazgo Servidor
300 _anúm.22 (agosto, 2012), Pág. 47-48
520 _aEl líder se define como la persona a la que un grupo sigue reconociéndola como su jefe u orientadora. El liderazgo de servicio es un tema que está en boga; no sólo en los ámbitos administrativos, gerenciales u organizacionales.
650 1 4 _aLIDERAZGO
942 _cANA
999 _c63548
_d63548